000 00254nam a2200109Ia 4500
008 190216s9999||||xx |||||||||||||| ||und||
100 _aTatapuram Sukumaran
245 0 _aAlamalakalil
260 _bCurrent Books
650 _aNovel Malayalam
942 _cBK
999 _c23564
_d23564